[Event "Open"]
[Site "Katowice"]
[Date "2025.06.01"]
[Round "6.1"]
[White "Tazbir, Marcin"]
[Black "Wojtaszek, Radoslaw"]
[Result "0-1"]
[BlackElo "2658"]
[WhiteElo "2435"]
[LiveChessVersion "1.4.4"]

1. e4 {[%clk 0:10:03]} c6 {[%clk 0:10:00]} 2. d4 {[%clk 0:10:02]} d5
{[%clk 0:10:01]} 3. Nc3 {[%clk 0:10:02]} dxe4 {[%clk 0:10:00]} 4. Nxe4
{[%clk 0:10:03]} Nf6 {[%clk 0:10:00]} 5. Nxf6+ {[%clk 0:10:03]} exf6
{[%clk 0:10:01]} 6. h3 {[%clk 0:09:53]} Bd6 {[%clk 0:09:41]} 7. Nf3
{[%clk 0:09:50]} Bf5 {[%clk 0:09:07]} 8. Bd3 {[%clk 0:09:33]} Bxd3
{[%clk 0:09:00]} 9. Qxd3 {[%clk 0:09:34]} O-O {[%clk 0:08:52]} 10. O-O
{[%clk 0:09:30]} Nd7 {[%clk 0:08:35]} 11. c4 {[%clk 0:09:16]} Qc7
{[%clk 0:07:59]} 12. c5 {[%clk 0:08:49]} Bf4 {[%clk 0:07:52]} 13. Qf5
{[%clk 0:08:37]} Bxc1 {[%clk 0:07:49]} 14. Raxc1 {[%clk 0:08:31]} g6
{[%clk 0:07:46]} 15. Qc2 {[%clk 0:07:57]} f5 {[%clk 0:07:09]} 16. Rfe1
{[%clk 0:07:37]} Nf6 {[%clk 0:07:03]} 17. Ne5 {[%clk 0:07:14]} Rad8
{[%clk 0:06:40]} 18. Rcd1 {[%clk 0:07:02]} Rd5 {[%clk 0:06:24]} 19. Rd3
{[%clk 0:05:51]} Rfd8 {[%clk 0:06:01]} 20. Red1 {[%clk 0:05:39]} Nh5
{[%clk 0:05:35]} 21. Qc1 {[%clk 0:04:55]} f6 {[%clk 0:05:05]} 22. Nf3
{[%clk 0:04:39]} Nf4 {[%clk 0:04:54]} 23. R3d2 {[%clk 0:04:13]} g5
{[%clk 0:04:44]} 24. Qc4 {[%clk 0:03:08]} Qf7 {[%clk 0:04:39]} 25. Qf1
{[%clk 0:02:17]} Qh5 {[%clk 0:04:29]} 26. a3 {[%clk 0:01:27]} Qh6
{[%clk 0:04:18]} 27. b4 {[%clk 0:01:10]} g4 {[%clk 0:04:09]} 28. Nh2
{[%clk 0:00:55]} gxh3 {[%clk 0:03:47]} 29. gxh3 {[%clk 0:00:39]} Nxh3+
{[%clk 0:03:39]} 30. Kh1 {[%clk 0:00:34]} f4 {[%clk 0:03:21]} 31. f3
{[%clk 0:00:27]} Ng5 {[%clk 0:02:48]} 32. Qg2 {[%clk 0:00:20]} Kh8
{[%clk 0:02:39]} 33. Kg1 {[%clk 0:00:10]} Rg8 {[%clk 0:02:24]} 34. Kf1
{[%clk 0:00:11]} Ne4 {[%clk 0:02:20]} 0-1

[Event "Open"]
[Site "Katowice"]
[Date "2025.06.01"]
[Round "6.2"]
[White "Ochedzan, Tymon"]
[Black "Bartel, Mateusz"]
[Result "1-0"]
[BlackElo "2521"]
[WhiteElo "2118"]
[LiveChessVersion "1.4.4"]

1. e4 {[%clk 0:10:03]} c6 {[%clk 0:10:03]} 2. d4 {[%clk 0:10:04]} d5
{[%clk 0:10:04]} 3. exd5 {[%clk 0:10:05]} cxd5 {[%clk 0:10:05]} 4. Bd3
{[%clk 0:10:06]} Nc6 {[%clk 0:10:06]} 5. c3 {[%clk 0:10:07]} Nf6 {[%clk 0:10:06]}
6. Bf4 {[%clk 0:10:07]} Bg4 {[%clk 0:10:07]} 7. Qb3 {[%clk 0:10:08]} Qd7
{[%clk 0:10:08]} 8. Nd2 {[%clk 0:10:08]} e6 {[%clk 0:10:09]} 9. Ngf3
{[%clk 0:10:07]} Bd6 {[%clk 0:10:10]} 10. Bxd6 {[%clk 0:10:08]} Qxd6
{[%clk 0:10:10]} 11. O-O {[%clk 0:10:08]} O-O {[%clk 0:10:10]} 12. Rfe1
{[%clk 0:10:06]} b5 {[%clk 0:10:04]} 13. Bxb5 {[%clk 0:09:11]} Rfb8
{[%clk 0:09:50]} 14. Qa4 {[%clk 0:08:48]} Ne7 {[%clk 0:09:51]} 15. Rab1
{[%clk 0:08:28]} Bf5 {[%clk 0:09:52]} 16. Rbc1 {[%clk 0:07:45]} a6
{[%clk 0:09:53]} 17. Be2 {[%clk 0:07:21]} Rxb2 {[%clk 0:09:26]} 18. Nb3
{[%clk 0:06:59]} Bc2 {[%clk 0:06:59]} 19. Bd1 {[%clk 0:06:10]} Bxd1
{[%clk 0:06:33]} 20. Rexd1 {[%clk 0:05:31]} Ne4 {[%clk 0:06:33]} 21. Rf1
{[%clk 0:04:47]} h6 {[%clk 0:06:05]} 22. Ne5 {[%clk 0:04:35]} Rc8
{[%clk 0:04:50]} 23. Nd3 {[%clk 0:03:59]} Re2 {[%clk 0:04:46]} 24. Nbc5
{[%clk 0:03:40]} Nxc5 {[%clk 0:04:09]} 25. Nxc5 {[%clk 0:03:37]} Qc6
{[%clk 0:04:06]} 26. Qb3 {[%clk 0:03:00]} Nf5 {[%clk 0:03:47]} 27. Rfd1
{[%clk 0:02:43]} Qb5 {[%clk 0:03:24]} 28. Qa3 {[%clk 0:02:32]} Qc4
{[%clk 0:03:06]} 29. Ra1 {[%clk 0:02:22]} Rb8 {[%clk 0:02:27]} 30. Nd7
{[%clk 0:01:40]} Rd8 {[%clk 0:01:41]} 31. Ne5 {[%clk 0:01:24]} Qc8
{[%clk 0:01:19]} 32. Rac1 {[%clk 0:01:17]} f6 {[%clk 0:00:37]} 33. Nd3
{[%clk 0:01:13]} Qc4 {[%clk 0:00:37]} 34. Qa5 {[%clk 0:01:00]} Rb8
{[%clk 0:00:31]} 35. Nb4 {[%clk 0:00:53]} Kh7 {[%clk 0:00:23]} 36. a4
{[%clk 0:00:33]} h5 {[%clk 0:00:15]} 37. g3 {[%clk 0:00:25]} Nh6 {[%clk 0:00:14]}
38. Qc5 {[%clk 0:00:16]} Qxc5 {[%clk 0:00:13]} 39. dxc5 {[%clk 0:00:17]} a5
{[%clk 0:00:14]} 40. Nd3 {[%clk 0:00:15]} Nf5 {[%clk 0:00:13]} 41. c4
{[%clk 0:00:11]} dxc4 {[%clk 0:00:14]} 42. Rxc4 {[%clk 0:00:13]} Rc8
{[%clk 0:00:10]} 43. c6 {[%clk 0:00:13]} Rc7 {[%clk 0:00:11]} 44. Rc5
{[%clk 0:00:13]} Ra2 {[%clk 0:00:09]} 45. Rxa5 {[%clk 0:00:08]} Rc2
{[%clk 0:00:10]} 46. Nb4 Rc4 {[%clk 0:00:10]} 47. Rb1 {[%clk 0:00:08]} Ne7
{[%clk 0:00:11]} 48. Ra6 {[%clk 0:00:08]} h4 {[%clk 0:00:10]} 49. Kg2
{[%clk 0:00:09]} hxg3 {[%clk 0:00:10]} 50. hxg3 {[%clk 0:00:10]} Kg6
{[%clk 0:00:10]} 51. a5 {[%clk 0:00:12]} Kf7 {[%clk 0:00:08]} 52. Rb6
{[%clk 0:00:12]} Nxc6 {[%clk 0:00:06]} 53. Nxc6 {[%clk 0:00:13]} R4xc6
{[%clk 0:00:07]} 54. a6 {[%clk 0:00:13]} Kg6 {[%clk 0:00:05]} 55. Rb7
{[%clk 0:00:12]} Rc8 {[%clk 0:00:04]} 56. a7 {[%clk 0:00:13]} Ra8
{[%clk 0:00:05]} 57. Ra1 {[%clk 0:00:14]} Rcc8 {[%clk 0:00:06]} 58. Kf3
{[%clk 0:00:13]} Kf5 {[%clk 0:00:07]} 59. Rxg7 {[%clk 0:00:13]} Rc3+
{[%clk 0:00:08]} 60. Kg2 {[%clk 0:00:13]} Rcc8 {[%clk 0:00:09]} 61. Rb7
{[%clk 0:00:13]} e5 {[%clk 0:00:10]} 62. Rb5 {[%clk 0:00:13]} Ke6
{[%clk 0:00:11]} 63. Rb6+ {[%clk 0:00:15]} Kf5 {[%clk 0:00:12]} 64. Raa6
{[%clk 0:00:16]} Rf8 {[%clk 0:00:12]} 65. Kf3 {[%clk 0:00:15]} Kg5
{[%clk 0:00:12]} 66. Ke3 {[%clk 0:00:14]} Kf5 {[%clk 0:00:12]} 67. Kf3
{[%clk 0:00:16]} Kg5 {[%clk 0:00:14]} 68. Ke4 {[%clk 0:00:17]} Kg6
{[%clk 0:00:10]} 69. g4 {[%clk 0:00:18]} Kg5 {[%clk 0:00:12]} 70. f3
{[%clk 0:00:19]} Kg6 {[%clk 0:00:13]} 71. Kd5 {[%clk 0:00:17]} Kg5
{[%clk 0:00:14]} 72. Kc6 {[%clk 0:00:13]} Kf4 {[%clk 0:00:14]} 73. Ra3
{[%clk 0:00:12]} f5 {[%clk 0:00:14]} 74. gxf5 {[%clk 0:00:13]} Kxf5
{[%clk 0:00:15]} 75. Kb7 {[%clk 0:00:10]} Kf4 {[%clk 0:00:15]} 76. Rc3
{[%clk 0:00:07]} Rae8 {[%clk 0:00:14]} 77. Rc7 {[%clk 0:00:06]} Kxf3
{[%clk 0:00:12]} 78. Rbc6 {[%clk 0:00:04]} e4 {[%clk 0:00:11]} 79. Rc8
{[%clk 0:00:05]} Rxc8 {[%clk 0:00:10]} 80. Rxc8 {[%clk 0:00:06]} Rxc8
{[%clk 0:00:10]} 81. Kxc8 {[%clk 0:00:07]} e3 {[%clk 0:00:11]} 82. a8=Q+
{[%clk 0:01:08]} Kf2 {[%clk 0:00:13]} 83. Qa7 {[%clk 0:01:03]} Kf3
{[%clk 0:00:14]} 84. Qa3 {[%clk 0:01:03]} Kf2 {[%clk 0:00:14]} 85. Qc5
{[%clk 0:01:03]} Kf3 {[%clk 0:00:15]} 86. Qc3 {[%clk 0:00:58]} Kf2
{[%clk 0:00:16]} 87. Qf6+ {[%clk 0:00:53]} Kg2 {[%clk 0:00:09]} 88. Qg5+
{[%clk 0:00:53]} Kf2 {[%clk 0:00:10]} 89. Qf4+ {[%clk 0:00:54]} Ke2
{[%clk 0:00:11]} 90. Kd7 {[%clk 0:00:54]} Kd3 {[%clk 0:00:13]} 91. Qd6+
{[%clk 0:00:42]} Ke2 {[%clk 0:00:10]} 92. Kc6 {[%clk 0:00:40]} Kf1
{[%clk 0:00:09]} 93. Qf4+ {[%clk 0:00:40]} Ke2 {[%clk 0:00:10]} 94. Kd5
{[%clk 0:00:40]} Kd2 {[%clk 0:00:10]} 95. Kd4 {[%clk 0:00:40]} 1-0

[Event "Open"]
[Site "Katowice"]
[Date "2025.06.01"]
[Round "6.3"]
[White "Klekowski, Maciej"]
[Black "Seemann, Jakub"]
[Result "0-1"]
[BlackElo "2392"]
[WhiteElo "2462"]
[LiveChessVersion "1.4.4"]

1. e4 {[%clk 0:10:03]} c5 {[%clk 0:10:03]} 2. b3 {[%clk 0:10:04]} Nf6
{[%clk 0:10:04]} 3. e5 {[%clk 0:10:04]} Nd5 {[%clk 0:10:04]} 4. Bb2
{[%clk 0:10:05]} g6 {[%clk 0:10:05]} 5. Nf3 {[%clk 0:10:04]} Bg7 {[%clk 0:10:06]}
6. c4 {[%clk 0:09:58]} Nb6 {[%clk 0:10:07]} 7. Nc3 {[%clk 0:09:58]} Nc6
{[%clk 0:10:07]} 8. Ne4 {[%clk 0:09:50]} d6 {[%clk 0:10:07]} 9. Bc3
{[%clk 0:09:30]} dxe5 {[%clk 0:10:04]} 10. Nxc5 {[%clk 0:09:27]} O-O
{[%clk 0:10:03]} 11. Be2 {[%clk 0:09:19]} Nd4 {[%clk 0:09:55]} 12. O-O
{[%clk 0:08:56]} Qc7 {[%clk 0:09:56]} 13. Ne4 {[%clk 0:08:50]} Bf5
{[%clk 0:09:49]} 14. Ng3 {[%clk 0:08:26]} Bc2 {[%clk 0:09:49]} 15. Qc1
{[%clk 0:08:21]} Nxe2+ {[%clk 0:09:47]} 16. Nxe2 {[%clk 0:08:18]} Bd3
{[%clk 0:09:48]} 17. Re1 {[%clk 0:08:06]} e4 {[%clk 0:09:33]} 18. Nfd4
{[%clk 0:07:49]} a6 {[%clk 0:09:19]} 19. Ng3 {[%clk 0:07:37]} e5 {[%clk 0:09:14]}
20. Nc2 {[%clk 0:07:33]} f5 {[%clk 0:09:15]} 21. Nb4 {[%clk 0:07:24]} Rad8
{[%clk 0:09:00]} 22. Qb2 {[%clk 0:07:03]} Rfe8 {[%clk 0:08:52]} 23. Rac1
{[%clk 0:06:27]} h5 {[%clk 0:08:51]} 24. Nxd3 {[%clk 0:05:54]} Rxd3
{[%clk 0:08:42]} 25. Nf1 {[%clk 0:05:38]} h4 {[%clk 0:08:32]} 26. h3
{[%clk 0:05:35]} Red8 {[%clk 0:08:15]} 27. Ba5 {[%clk 0:05:32]} Qc5
{[%clk 0:06:20]} 28. b4 {[%clk 0:04:47]} Qc6 {[%clk 0:06:21]} 29. c5
{[%clk 0:04:33]} Na4 {[%clk 0:06:21]} 30. Qc2 {[%clk 0:04:29]} R8d4
{[%clk 0:06:04]} 31. Re3 {[%clk 0:04:17]} f4 {[%clk 0:05:05]} 32. Rxd3
{[%clk 0:03:33]} exd3 {[%clk 0:04:59]} 33. Qb3+ {[%clk 0:03:27]} Kh7
{[%clk 0:04:55]} 34. Nh2 {[%clk 0:03:24]} e4 {[%clk 0:03:51]} 35. Qf7
{[%clk 0:03:06]} b6 {[%clk 0:03:26]} 36. Bxb6 {[%clk 0:02:50]} Nxb6
{[%clk 0:03:27]} 37. Qxf4 {[%clk 0:02:30]} e3 {[%clk 0:03:18]} 38. Qxe3
{[%clk 0:01:58]} Nd5 {[%clk 0:03:18]} 39. Qf3 {[%clk 0:01:34]} Nxb4
{[%clk 0:03:18]} 40. Qxc6 {[%clk 0:00:41]} Nxc6 {[%clk 0:03:19]} 41. Nf3
{[%clk 0:00:40]} Ra4 {[%clk 0:03:13]} 42. Re1 {[%clk 0:00:26]} Kh6
{[%clk 0:02:44]} 43. Re3 {[%clk 0:00:14]} Nd4 {[%clk 0:01:59]} 44. Rxd3
{[%clk 0:00:00]} Nxf3+ {[%clk 0:01:59]} 45. Rxf3 {[%clk 0:00:00]} 0-1

[Event "Open"]
[Site "Katowice"]
[Date "2025.06.01"]
[Round "6.4"]
[White "Socko, Bartosz"]
[Black "Sowinski, Pawel"]
[Result "1-0"]
[BlackElo "2438"]
[WhiteElo "2510"]
[LiveChessVersion "1.4.4"]

1. Nf3 c5 {[%clk 0:10:04]} 2. c4 {[%clk 0:10:04]} Nc6 {[%clk 0:10:05]} 3. d4
{[%clk 0:10:04]} cxd4 {[%clk 0:10:06]} 4. Nxd4 {[%clk 0:10:04]} g6
{[%clk 0:10:06]} 5. Nc3 {[%clk 0:10:04]} Bg7 {[%clk 0:10:07]} 6. Nc2
{[%clk 0:10:04]} d6 {[%clk 0:10:07]} 7. g3 {[%clk 0:09:52]} Nf6 {[%clk 0:10:07]}
8. Bg2 {[%clk 0:09:53]} O-O {[%clk 0:10:07]} 9. O-O {[%clk 0:09:52]} Be6
{[%clk 0:10:04]} 10. b3 {[%clk 0:09:05]} Qa5 {[%clk 0:09:34]} 11. Bb2
{[%clk 0:08:23]} Nd7 {[%clk 0:08:48]} 12. Qd2 {[%clk 0:08:02]} Rac8
{[%clk 0:08:16]} 13. Rfd1 {[%clk 0:07:37]} Rfd8 {[%clk 0:08:06]} 14. Ne3
{[%clk 0:06:51]} Nde5 {[%clk 0:07:13]} 15. Ncd5 {[%clk 0:05:59]} Qxd2
{[%clk 0:06:54]} 16. Rxd2 {[%clk 0:05:59]} Bxd5 {[%clk 0:06:25]} 17. Nxd5
{[%clk 0:05:35]} Kf8 {[%clk 0:06:09]} 18. Rad1 {[%clk 0:05:07]} Bh6
{[%clk 0:05:34]} 19. e3 {[%clk 0:04:51]} Bg7 {[%clk 0:05:16]} 20. h3
{[%clk 0:03:56]} Na5 {[%clk 0:04:03]} 21. Bc3 {[%clk 0:03:15]} Nac6
{[%clk 0:03:58]} 22. Kf1 {[%clk 0:02:39]} Rd7 {[%clk 0:03:37]} 23. Bb2
{[%clk 0:01:41]} Rcd8 {[%clk 0:03:16]} 24. f4 {[%clk 0:01:34]} e6
{[%clk 0:02:40]} 25. Nc3 {[%clk 0:01:25]} Nxc4 {[%clk 0:01:51]} 26. bxc4
{[%clk 0:01:24]} Na5 {[%clk 0:01:53]} 27. Ba1 {[%clk 0:00:37]} Nxc4
{[%clk 0:01:52]} 28. Re2 {[%clk 0:00:38]} Rc8 {[%clk 0:01:28]} 29. Nb5
{[%clk 0:00:35]} a6 {[%clk 0:01:24]} 30. Bxg7+ {[%clk 0:00:35]} Kxg7
{[%clk 0:01:24]} 31. Nd4 {[%clk 0:00:36]} d5 {[%clk 0:01:18]} 32. Nf3
{[%clk 0:00:34]} b5 {[%clk 0:01:10]} 33. Kf2 {[%clk 0:00:34]} b4 {[%clk 0:01:09]}
34. Rc2 {[%clk 0:00:31]} Rdc7 {[%clk 0:01:05]} 35. Nd4 {[%clk 0:00:26]} a5
{[%clk 0:01:02]} 36. Rdc1 {[%clk 0:00:21]} Kf6 {[%clk 0:00:57]} 37. Bf1
{[%clk 0:00:22]} e5 {[%clk 0:00:44]} 38. fxe5+ {[%clk 0:00:23]} Kxe5
{[%clk 0:00:45]} 39. Nf3+ {[%clk 0:00:21]} Kd6 {[%clk 0:00:41]} 40. Bd3
{[%clk 0:00:21]} f5 {[%clk 0:00:41]} 41. h4 {[%clk 0:00:21]} Ke6 {[%clk 0:00:29]}
42. Ke2 {[%clk 0:00:22]} Kd6 {[%clk 0:00:30]} 43. Nd2 {[%clk 0:00:21]} Ne5
{[%clk 0:00:20]} 44. Rxc7 {[%clk 0:00:21]} Rxc7 {[%clk 0:00:22]} 45. Rxc7
{[%clk 0:00:22]} Kxc7 {[%clk 0:00:23]} 46. Nf3 {[%clk 0:00:15]} Nc6
{[%clk 0:00:21]} 47. Nd4 {[%clk 0:00:15]} Ne5 {[%clk 0:00:21]} 48. Ne6+
{[%clk 0:00:11]} Kd6 {[%clk 0:00:22]} 49. Nd4 {[%clk 0:00:10]} Ng4
{[%clk 0:00:19]} 50. Kf3 {[%clk 0:00:10]} Ne5+ {[%clk 0:00:18]} 51. Ke2
{[%clk 0:00:10]} Nd7 {[%clk 0:00:19]} 52. Bc2 {[%clk 0:00:11]} Nc5
{[%clk 0:00:20]} 53. Nb3 {[%clk 0:00:12]} Nb7 {[%clk 0:00:19]} 54. Nd4
{[%clk 0:00:11]} Nc5 {[%clk 0:00:20]} 55. Nb3 {[%clk 0:00:10]} Nb7
{[%clk 0:00:21]} 56. Bd3 {[%clk 0:00:09]} a4 {[%clk 0:00:18]} 57. Nd4
{[%clk 0:00:10]} Kc5 {[%clk 0:00:16]} 58. Kd2 {[%clk 0:00:09]} Na5
{[%clk 0:00:17]} 59. Ne6+ {[%clk 0:00:10]} Kb6 {[%clk 0:00:18]} 60. Nd4
{[%clk 0:00:11]} Kc5 {[%clk 0:00:19]} 61. Ne6+ {[%clk 0:00:11]} Kb6
{[%clk 0:00:21]} 62. Ng5 {[%clk 0:00:12]} h6 {[%clk 0:00:20]} 63. Nf7
{[%clk 0:00:13]} Nc4+ 64. Bxc4 {[%clk 0:00:13]} dxc4 {[%clk 0:00:20]} 65. Nxh6
{[%clk 0:00:14]} b3 {[%clk 0:00:21]} 66. axb3 {[%clk 0:00:12]} axb3
{[%clk 0:00:22]} 67. Kc3 {[%clk 0:00:13]} Kc5 {[%clk 0:00:24]} 68. Nf7
{[%clk 0:00:14]} Kd5 {[%clk 0:00:24]} 69. Nh8 {[%clk 0:00:14]} Ke4
{[%clk 0:00:25]} 70. Nxg6 {[%clk 0:00:14]} Kxe3 {[%clk 0:00:25]} 71. h5
{[%clk 0:00:16]} Kf3 {[%clk 0:00:26]} 72. h6 {[%clk 0:00:17]} Kxg3
{[%clk 0:00:27]} 73. h7 {[%clk 0:00:18]} f4 {[%clk 0:00:28]} 74. Nxf4
{[%clk 0:00:19]} Kxf4 {[%clk 0:00:30]} 75. h8=Q {[%clk 0:00:20]} 1-0

[Event "Open"]
[Site "Katowice"]
[Date "2025.06.01"]
[Round "6.5"]
[White "Bogdanov, Egor"]
[Black "Kosakowski, Jakub"]
[Result "0-1"]
[BlackElo "2509"]
[WhiteElo "2382"]
[LiveChessVersion "1.4.4"]

1. e4 {[%clk 0:10:02]} e5 {[%clk 0:10:03]} 2. Nf3 {[%clk 0:10:02]} Nc6
{[%clk 0:10:04]} 3. d3 {[%clk 0:10:01]} Nf6 {[%clk 0:10:04]} 4. Nbd2
{[%clk 0:10:01]} d6 {[%clk 0:10:04]} 5. Be2 {[%clk 0:10:00]} Be7 {[%clk 0:10:05]}
6. c3 {[%clk 0:09:58]} O-O {[%clk 0:10:01]} 7. h3 {[%clk 0:09:51]} Be6
{[%clk 0:10:00]} 8. Nf1 {[%clk 0:09:36]} h6 {[%clk 0:10:01]} 9. g4
{[%clk 0:09:35]} Nh7 {[%clk 0:09:55]} 10. Ng3 {[%clk 0:09:24]} d5
{[%clk 0:09:45]} 11. Qc2 {[%clk 0:09:20]} dxe4 {[%clk 0:09:44]} 12. dxe4
{[%clk 0:09:20]} f6 {[%clk 0:09:36]} 13. Nh4 {[%clk 0:09:15]} Qe8
{[%clk 0:09:33]} 14. Nhf5 {[%clk 0:09:10]} Kh8 {[%clk 0:09:23]} 15. Be3
{[%clk 0:09:10]} Qf7 {[%clk 0:09:16]} 16. b3 {[%clk 0:08:55]} a6 {[%clk 0:09:12]}
17. h4 {[%clk 0:08:38]} b5 {[%clk 0:08:57]} 18. Nxe7 {[%clk 0:07:50]} Qxe7
{[%clk 0:08:37]} 19. b4 {[%clk 0:07:49]} Qf7 {[%clk 0:07:51]} 20. Nf5
{[%clk 0:07:28]} Bxf5 {[%clk 0:07:41]} 21. gxf5 {[%clk 0:07:26]} Ne7
{[%clk 0:07:28]} 22. a4 {[%clk 0:07:23]} c6 {[%clk 0:07:27]} 23. Rg1
{[%clk 0:07:16]} Rfc8 {[%clk 0:07:25]} 24. Bc5 {[%clk 0:06:47]} Nf8
{[%clk 0:07:18]} 25. Rd1 {[%clk 0:06:44]} Rc7 {[%clk 0:07:09]} 26. Rg3
{[%clk 0:06:31]} Nd7 {[%clk 0:06:30]} 27. Bd6 {[%clk 0:06:00]} Rb7
{[%clk 0:06:31]} 28. a5 {[%clk 0:05:51]} Nf8 {[%clk 0:06:27]} 29. Rgd3
{[%clk 0:05:44]} Rd7 {[%clk 0:05:43]} 30. Bc5 {[%clk 0:05:39]} Rc7
{[%clk 0:05:32]} 31. Rd8 {[%clk 0:05:38]} Rcc8 {[%clk 0:04:30]} 32. R8d2
{[%clk 0:04:36]} Rc7 {[%clk 0:04:21]} 33. Rd3 {[%clk 0:04:14]} Rb7
{[%clk 0:03:43]} 34. R1d2 {[%clk 0:04:04]} Rc7 {[%clk 0:03:27]} 35. Rd6
{[%clk 0:03:51]} Rb7 {[%clk 0:03:05]} 36. Qd1 {[%clk 0:03:52]} Rbb8
{[%clk 0:02:50]} 37. Rd8 {[%clk 0:03:36]} g6 {[%clk 0:01:31]} 38. Rxb8
{[%clk 0:03:27]} Rxb8 {[%clk 0:01:30]} 39. Rd8 {[%clk 0:03:27]} Rb7
{[%clk 0:01:22]} 40. fxg6 {[%clk 0:03:19]} Nexg6 {[%clk 0:01:13]} 41. Qd6
{[%clk 0:02:45]} Kg7 {[%clk 0:00:44]} 42. Qxc6 {[%clk 0:01:12]} Rc7 43. Qa8
{[%clk 0:00:13]} Ne6 {[%clk 0:00:38]} 44. Rd5 {[%clk 0:00:08]} Ngf4
{[%clk 0:00:34]} 45. Qxa6 {[%clk 0:00:04]} Nxd5 {[%clk 0:00:24]} 46. exd5
{[%clk 0:00:05]} Nxc5 {[%clk 0:00:23]} 47. Qxb5 {[%clk 0:00:00]} 0-1

[Event "Open"]
[Site "Katowice"]
[Date "2025.06.01"]
[Round "6.6"]
[White "Psyk, Radoslaw"]
[Black "Piorun, Kacper"]
[Result "0-1"]
[BlackElo "2486"]
[WhiteElo "2317"]
[LiveChessVersion "1.4.4"]

1. b3 {[%clk 0:10:03]} Nf6 {[%clk 0:09:59]} 2. Bb2 {[%clk 0:10:04]} b6
{[%clk 0:10:00]} 3. e3 {[%clk 0:10:04]} Bb7 {[%clk 0:09:59]} 4. f4
{[%clk 0:10:05]} d6 {[%clk 0:09:40]} 5. Nf3 {[%clk 0:10:06]} Nbd7
{[%clk 0:09:25]} 6. a4 {[%clk 0:10:03]} a5 {[%clk 0:09:15]} 7. Bb5
{[%clk 0:09:55]} c6 {[%clk 0:08:42]} 8. Be2 {[%clk 0:09:53]} Qc7 {[%clk 0:08:29]}
9. O-O {[%clk 0:09:53]} e5 {[%clk 0:08:03]} 10. d4 {[%clk 0:08:54]} e4
{[%clk 0:07:13]} 11. Nfd2 {[%clk 0:08:52]} d5 {[%clk 0:06:57]} 12. c4
{[%clk 0:08:51]} Bd6 {[%clk 0:06:43]} 13. cxd5 {[%clk 0:08:35]} cxd5
{[%clk 0:06:23]} 14. Nc3 {[%clk 0:08:34]} Bb4 {[%clk 0:05:24]} 15. Rc1
{[%clk 0:08:13]} Qd8 {[%clk 0:04:53]} 16. Ndb1 {[%clk 0:07:06]} Rc8
{[%clk 0:04:31]} 17. Nb5 {[%clk 0:07:00]} O-O {[%clk 0:04:15]} 18. Bc3
{[%clk 0:06:35]} Be7 {[%clk 0:03:59]} 19. Qd2 {[%clk 0:06:35]} Nb8
{[%clk 0:03:46]} 20. b4 {[%clk 0:05:47]} Nc6 {[%clk 0:03:30]} 21. bxa5
{[%clk 0:05:46]} bxa5 {[%clk 0:03:31]} 22. Qb2 {[%clk 0:05:04]} Nb4
{[%clk 0:02:46]} 23. Nd2 {[%clk 0:04:44]} Ba6 {[%clk 0:02:23]} 24. Nb3
{[%clk 0:04:36]} Qb6 {[%clk 0:02:11]} 25. Rb1 {[%clk 0:04:05]} Rc4
{[%clk 0:00:21]} 26. Bxc4 {[%clk 0:03:01]} dxc4 {[%clk 0:00:21]} 27. Nc5
{[%clk 0:02:54]} Nd3 {[%clk 0:00:15]} 28. Nxd3 {[%clk 0:01:47]} exd3
{[%clk 0:00:12]} 29. Qc1 {[%clk 0:01:17]} Ne4 {[%clk 0:00:07]} 30. Bd2
{[%clk 0:01:18]} Qc6 {[%clk 0:00:03]} 31. Nc3 {[%clk 0:01:03]} Nxc3
{[%clk 0:00:03]} 32. Bxc3 {[%clk 0:01:03]} Bb7 {[%clk 0:00:05]} 33. Qd2
{[%clk 0:01:00]} Bd8 {[%clk 0:00:04]} 34. Rb5 {[%clk 0:00:57]} Re8
{[%clk 0:00:05]} 35. Rfb1 {[%clk 0:00:51]} Ba8 {[%clk 0:00:05]} 36. d5
{[%clk 0:00:45]} Qd7 {[%clk 0:00:04]} 37. Bxa5 {[%clk 0:00:31]} Bxd5
{[%clk 0:00:05]} 38. Bxd8 {[%clk 0:00:29]} Rxd8 {[%clk 0:00:06]} 39. a5
{[%clk 0:00:23]} Bc6 {[%clk 0:00:08]} 40. Rb8 {[%clk 0:00:22]} h6
{[%clk 0:00:07]} 41. a6 {[%clk 0:00:22]} Rxb8 {[%clk 0:00:07]} 42. Rxb8+
{[%clk 0:00:22]} Kh7 {[%clk 0:00:09]} 43. Rb2 Qa7 {[%clk 0:00:08]} 44. Kf2
{[%clk 0:00:04]} Qxa6 {[%clk 0:00:08]} 45. Qc3 {[%clk 0:00:05]} Qa8
{[%clk 0:00:08]} 46. Kg3 {[%clk 0:00:05]} Bd5 {[%clk 0:00:07]} 47. Rd2
{[%clk 0:00:06]} Qc6 {[%clk 0:00:08]} 48. h3 {[%clk 0:00:06]} Qg6+
{[%clk 0:00:09]} 49. Kh2 {[%clk 0:00:07]} Qe4 {[%clk 0:00:11]} 50. Qe5
{[%clk 0:00:03]} Qxe5 {[%clk 0:00:11]} 51. fxe5 {[%clk 0:00:04]} Be4
{[%clk 0:00:12]} 52. Kg3 {[%clk 0:00:04]} c3 {[%clk 0:00:14]} 53. Ra2
{[%clk 0:00:05]} d2 {[%clk 0:00:13]} 0-1

[Event "Open"]
[Site "Katowice"]
[Date "2025.06.01"]
[Round "6.7"]
[White "Raczek, Krzysztof"]
[Black "Skawinski, Arkadiusz"]
[Result "1-0"]
[BlackElo "2269"]
[WhiteElo "2409"]
[LiveChessVersion "1.4.4"]

1. e4 {[%clk 0:10:03]} c5 {[%clk 0:10:03]} 2. Nf3 {[%clk 0:10:03]} d6
{[%clk 0:10:05]} 3. d4 {[%clk 0:10:04]} cxd4 {[%clk 0:10:06]} 4. Nxd4
{[%clk 0:10:06]} Nf6 {[%clk 0:10:06]} 5. Nc3 {[%clk 0:10:07]} a6 {[%clk 0:10:07]}
6. h3 {[%clk 0:10:08]} e5 {[%clk 0:10:07]} 7. Nde2 {[%clk 0:10:09]} Be6
{[%clk 0:10:07]} 8. g4 {[%clk 0:09:58]} Be7 {[%clk 0:10:06]} 9. Bg2
{[%clk 0:09:58]} b5 {[%clk 0:10:00]} 10. Be3 {[%clk 0:09:56]} Nfd7
{[%clk 0:09:59]} 11. Qd2 {[%clk 0:09:44]} Nb6 {[%clk 0:09:58]} 12. Bxb6
{[%clk 0:09:34]} Qxb6 {[%clk 0:09:58]} 13. O-O-O {[%clk 0:09:20]} Nd7
{[%clk 0:09:51]} 14. f4 exf4 {[%clk 0:09:40]} 15. Nxf4 {[%clk 0:09:02]} Ne5
{[%clk 0:09:25]} 16. Nfd5 {[%clk 0:08:54]} Qc5 {[%clk 0:09:09]} 17. b4
{[%clk 0:08:22]} Qc6 {[%clk 0:08:53]} 18. Bf1 {[%clk 0:08:17]} Rb8
{[%clk 0:08:31]} 19. Be2 {[%clk 0:07:30]} Bd8 {[%clk 0:08:32]} 20. Nf4
{[%clk 0:06:49]} Bc7 {[%clk 0:08:16]} 21. Ncd5 {[%clk 0:06:08]} Rd8
{[%clk 0:08:13]} 22. Nh5 {[%clk 0:05:55]} Rg8 {[%clk 0:07:17]} 23. Rhf1
{[%clk 0:03:31]} Bxd5 {[%clk 0:06:25]} 24. exd5 {[%clk 0:03:29]} Qd7
{[%clk 0:06:24]} 25. Qg5 {[%clk 0:03:23]} Ng6 {[%clk 0:05:59]} 26. Bd3
{[%clk 0:03:00]} Kf8 {[%clk 0:05:28]} 27. Bxg6 {[%clk 0:02:46]} hxg6
{[%clk 0:05:28]} 28. Nf4 {[%clk 0:02:39]} Rh8 {[%clk 0:04:54]} 29. Nxg6+
{[%clk 0:02:25]} Kg8 {[%clk 0:04:55]} 30. Ne7+ {[%clk 0:02:12]} Kf8
{[%clk 0:04:53]} 31. Rxf7+ {[%clk 0:01:41]} Kxf7 {[%clk 0:04:30]} 32. Rf1+
{[%clk 0:01:42]} Ke8 {[%clk 0:04:30]} 33. Qg6+ {[%clk 0:01:44]} Kxe7
{[%clk 0:04:28]} 34. Qf7# {[%clk 0:01:45]} 1-0